Las 10 provincias más pequeñas de España - Estadísticas

Estadísticas generales
  • Esta prueba ha sido intentada 1.659 veces
  • La puntuación promedio es 8 de 10
Estadísticas de respuestas
Superficie Provincia % Correcto
3.037 Álava
87%
5.045 La Rioja
87%
1.980 Guipúzcoa
82%
2.217 Vizcaya
82%
5.321 Cantabria
77%
4.992 Islas Baleares
72%
4.065 Las Palmas
72%
4.494 Pontevedra
72%
3.381 Santa Cruz de Tenerife
72%
5.817 Alicante
64%
No se encontraron pruebas coincidentes
Distribución de puntuación
Porcentaje de gente con cada puntuación
Porcentaje por número respondido
Historial de tus puntuaciones
No has intentado esta prueba.